000 00976nam a2200277Ia 4500
003 OSt
005 20221005110355.0
006 a|||||r|||| 00| 0
007 ta
008 221004b |||||||| |||| 00| 0 hin d
020 _a9789382114697 (hbk)
_cIndian Rupees 350
024 _a35582
037 _bGift, 01/02/2018,
_cTextual
040 _aCRL
_cCRL
_bhin
041 _2hin
_ahin
082 _aO152,3N70,DK, Q5
100 _aमिश्र, विवेक, ले.
245 0 _aडॉमनिक की वापसी
246 _aḌaॉmanik kī vāpasī
260 _aनई दिल्ली
_bकिताबघर प्रकाशन भारत
_c2015
300 _a208पृ0
_ccm.
650 _a हिन्दी साहित्य
650 _aहिन्दी कहानी
942 _hO152,3N70,DK, Q5
_cTEXL
_2cc
999 _c1018628
_d1018628